| 000 | 00454nam a2200157 i 4500 | ||
|---|---|---|---|
| 001 | 37581 | ||
| 003 | ES-MaACL | ||
| 005 | 20230906155613.0 | ||
| 007 | t| | ||
| 008 | 030221s1931 sp ||||1| spa d | ||
| 100 | 1 |
_aBueno, Javier. _932376 |
|
| 245 | 1 | 3 |
_aEl estado socialista _b: nueva interpretación del comunismo / _cJavier Bueno. |
| 260 |
_aMadrid : _b[s.n., _c1931] ( _fZoila Ascasibar) |
||
| 300 |
_a206 p. ; _c20 cm. |
||
| 852 |
_aES-MaACL _jB-12353 |
||
| 999 |
_c37581 _d37581 |
||